000
00288nam a22001337a 4500
008
181107b xxu||||| |||| 00| 0 eng d
020
_a
0130004499
041
_a
eng
080
_2
4 TH
_a
101
100
_a
24
101
_a
FIL
245
_a
About Philosophy
_c
Wolf.R.P
942
_2
udc
_c
BK
999
_c
52193
_d
52193